000 00434nam a2200133Ia 4500
008 090711s9999 xx 000 0 und d
082 _b58297
245 _a"बंडू, नटसम्राट व रणांगण"
260 _c1983
300 _a126
630 _a"बंडू, नटसम्राट व रणांगण"
730 _a"बंडू, नटसम्राट व रणांगण"
942 _cBOOK
999 _c315716
_d315716